00506nam a2200193 a 450000100060000000300090000600800410001501500210005602000180007704000280009508200100012324500320013325000120016526000300017730000190020749000320022650000320025865000220029025164CO-ViMGA141112s2004 ck r 000 u spa d ack - 2011 - xxxx a9789588257808 aCO-ViMGAbspacCO-ViMGA04a793.710aJuego de palabras [braille] a1a. ed. aBogotá : bINCI, c2011 a27 p. ; 25 cm. aCuentos de tradición oral aTexto en imprenta y braille14aJuego de palabras